000 00283nam a22001217a 4500
082 _a030
_bENC/E
100 _a ENCYCLOPEDIA BRITANNICA
245 _a ENCYCLOPEDIA BRITANNICA
260 _aUK
_b ENCYCLOPEDIA BRITANNICA
_c2011
300 _bCD 1
520 _aENCLYCLOPEDIA
942 _cBK
999 _c7341
_d7341